| 000 | 00582cam a2200193 a 4500 | ||
|---|---|---|---|
| 001 | 000009083 | ||
| 005 | 20200929161501.0 | ||
| 008 | 851004s1991 cu 001 f spa | ||
| 040 |
_aDO-SdBNP _bspa _cDLC _dBNGR |
||
| 082 |
_aCu863.44 _bD245f |
||
| 100 | 1 |
_aDávalos, Fernando, _d1940- _923731 |
|
| 245 | 1 | 3 |
_aLa frontera en Mariel / _cFernando Dávalos. |
| 260 |
_aLa Habana, (Cuba) : _bCapitán San Luis, _c1991. |
||
| 300 |
_a326 p. ; _c18 cm. |
||
| 650 | 4 |
_aNovela cubana _92316 |
|
| 650 | 4 |
_aLiteratura cubana _ySIGLO XX _99186 |
|
| 910 | _aCatalogación DERIVADA | ||
| 049 | _aBNGR | ||
| 999 |
_c8847 _d8847 |
||